| 000 | 01262nam a22002297a 4500 | ||
|---|---|---|---|
| 003 | BD-DhJNU | ||
| 005 | 20260409054200.0 | ||
| 008 | 260409b |||||||| |||| 00| 0 eng d | ||
| 020 | _a9789849792192 | ||
| 040 |
_aBD-DhJNU _bBen _cBD-DhJNU _dBD-DhJNU |
||
| 082 |
_223 _a950.2092 |
||
| 100 | _aওয়েদারফোর্ড, জ্যাক | ||
| 242 |
_aGenghis Khan and the birth of the modern world / _cJack Weatherford and Amartya Ghalib Chowdhury (translators) |
||
| 245 |
_aচেঙ্গিজ খান ও আধুনিক বিশ্বের জন্ম / _cজ্যাক ওয়েদারফোর্ড এবং অমর্ত্য গালিব চৌধুরী (অনুবাদক) |
||
| 260 |
_aঢাকা : _bদিব্যপ্রকাশ, _c2025. |
||
| 300 |
_a২২৩ পৃ. : _bচিত্র ; _c২২ সেমি.। |
||
| 504 | _aগ্রন্থপঞ্জিগত নির্দেশিকা ও নিঘন্ট অন্তভূক্ত | ||
| 650 | _aমঙ্গোল সাম্রাজ্য—ইতিহাস | ||
| 650 | _aMongol Empire—History | ||
| 700 |
_aচৌধুরী, অমর্ত্য গালিব _eঅনুবাদক |
||
| 942 |
_2ddc _cBK _n0 |
||
| 999 |
_c2666 _d2666 |
||